|
|
|
|
| LEADER |
00000cam a2200000 c 4500 |
| 001 |
1605429805 |
| 003 |
DE-627 |
| 005 |
20240917205207.0 |
| 007 |
tu |
| 008 |
070514s2007 gw ||||| 00| ||ger c |
| 015 |
|
|
|a 07,N19,0496
|2 dnb
|
| 015 |
|
|
|a 08,A34,0558
|2 dnb
|
| 016 |
7 |
|
|a 983806705
|2 DE-101
|
| 020 |
|
|
|a 3836411628
|9 3-8364-1162-8
|
| 020 |
|
|
|a 9783836411622
|9 978-3-8364-1162-2
|
| 035 |
|
|
|a (DE-627)1605429805
|
| 035 |
|
|
|a (DE-576)264750713
|
| 035 |
|
|
|a (DE-599)BSZ264750713
|
| 040 |
|
|
|a DE-627
|b ger
|c DE-627
|e rakwb
|
| 041 |
|
|
|a ger
|
| 044 |
|
|
|c XA-DE-SL
|
| 082 |
0 |
4 |
|a 360
|
| 100 |
1 |
|
|a Margarian, Anne
|d 1973-
|0 (DE-588)134295188
|0 (DE-627)566669641
|0 (DE-576)300430612
|4 aut
|
| 109 |
|
|
|a Margarian, Anne 1973-
|a Michelssen, Anne 1973-
|a Margarian, A. 1973-
|
| 245 |
1 |
4 |
|a Die soziale Dynamik von Korruption
|b Erklärungsversuche der Ökonomie
|c Anne Margarian
|
| 250 |
|
|
|a 1. Aufl.
|
| 264 |
|
1 |
|a Saarbrücken
|b VDM Verlag Dr. Müller
|c 2007
|
| 300 |
|
|
|a 74 S.
|
| 336 |
|
|
|a Text
|b txt
|2 rdacontent
|
| 337 |
|
|
|a ohne Hilfsmittel zu benutzen
|b n
|2 rdamedia
|
| 338 |
|
|
|a Band
|b nc
|2 rdacarrier
|
| 583 |
1 |
|
|a Archivierung prüfen
|c 20200919
|f DE-640
|z 1
|2 pdager
|
| 689 |
0 |
0 |
|d s
|0 (DE-588)4032524-6
|0 (DE-627)104704799
|0 (DE-576)208997288
|a Korruption
|2 gnd
|
| 689 |
0 |
1 |
|d s
|0 (DE-588)4115586-5
|0 (DE-627)105813168
|0 (DE-576)209494484
|a Politische Ökonomie
|2 gnd
|
| 689 |
0 |
|
|5 DE-101
|
| 689 |
1 |
0 |
|d s
|0 (DE-588)4032524-6
|0 (DE-627)104704799
|0 (DE-576)208997288
|a Korruption
|2 gnd
|
| 689 |
1 |
1 |
|d s
|0 (DE-588)4115586-5
|0 (DE-627)105813168
|0 (DE-576)209494484
|a Politische Ökonomie
|2 gnd
|
| 689 |
1 |
|
|5 (DE-627)
|
| 856 |
4 |
2 |
|u http://d-nb.info/983806705/04
|m B:DE-101
|q application/pdf
|3 Inhaltsverzeichnis
|7 1
|
| 856 |
4 |
2 |
|u http://deposit.dnb.de/cgi-bin/dokserv?id=2941127&prov=M&dok_var=1&dok_ext=htm
|m X: MVB
|q text/html
|v 20130501
|x Verlag
|3 Inhaltstext
|7 1
|
| 889 |
|
|
|w (DE-627)527836893
|
| 935 |
|
|
|a mkri
|
| 935 |
|
|
|i mdedup
|
| 951 |
|
|
|a BO
|
| ELC |
|
|
|b 1
|
| LOK |
|
|
|0 000 xxxxxcx a22 zn 4500
|
| LOK |
|
|
|0 001 3111846970
|
| LOK |
|
|
|0 003 DE-627
|
| LOK |
|
|
|0 004 1605429805
|
| LOK |
|
|
|0 005 20070525143212
|
| LOK |
|
|
|0 008 070514||||||||||||||||ger|||||||
|
| LOK |
|
|
|0 040
|a DE-Frei85
|c DE-627
|d DE-Frei85
|
| LOK |
|
|
|0 852
|a DE-Frei85
|
| LOK |
|
|
|0 852 1
|m p
|9 00
|
| LOK |
|
|
|0 938
|k p
|
| LOK |
|
|
|0 939
|a 14-05-07
|b l01
|
| ORI |
|
|
|a SA-MARC-krimdoka001.raw
|